| 000 | 00621nam a2200217Ii 4500 | ||
|---|---|---|---|
| 003 | JO-AjNU | ||
| 008 | 230606s9999||||xx |||||||||||||| ||und|| | ||
| 020 | _a978-007-128421-9 | ||
| 040 |
_aJO-AjNU _beng _erda _cJO-AjNU |
||
| 041 | _aeng | ||
| 050 | 1 | 4 | _aTA357.C43.2010 |
| 100 | 3 |
_aCengel, Yunus/Cimbala, John , _eauthor _94150 |
|
| 245 | 0 | 0 | _aFluid Mechanics Fundamentals and Applications |
| 250 | _a2 ed | ||
| 264 | 3 | 1 | _aLondon:Mcgraw hill,2010 |
| 300 | _a964p | ||
| 336 |
_atext _btxt _2rdacontent |
||
| 337 |
_aunmediated _bn _2rdamedia |
||
| 338 |
_avolume _bnc _2rdacarrier |
||
| 650 | 4 |
_aFluId Mechanics _94151 |
|
| 999 |
_aE2160 _c2158 _d2158 |
||